01034cam a2200313 i 450000100090000000300050000900500170001400800410003101000170007202000180008902500230010703700530013003800210018304000230020404200100022704300120023705000210024908200180027010000300028824500520031826400720037030000310044233600260047333700280049933800270052750400570055465000300061171000790064119264530NUST20181003054944.0160908s2016 pk b b 000 0 eng  a 2016368000 a9789698535346 aP-E-2016368000; 33 bLibrary of Congress -- Islamabad Overseas Office aMuhammad Ibrahim aDLCbengcDLCerda alcode aa-ii---00aUA840b.L85 2016 a355bLUK 20161 aLuk, Umar Hayat,eauthor.10aIndian military doctrines /cby Umar Hayat Luk. 1aIslamabad :bNational University of Sciences and Technology,c2016. a198 pages :bmaps ;c22 cm atextbtxt2rdacontent aunmediatedbn2rdamedia avolumebnc2rdacarrier aIncludes bibliographical references (pages 193-198). 0aMilitary doctrinezIndia.1 aNational University of Sciences and Technology (Islāmābād, Pakistan)